00341nam a2200097Ia 4500008004100000040002900041050002500070100001900095245010500114260002400219221021s9999||||xx |||||||||||||| ||und|| cChuka University Library aHC 865b.Z65I87 2000 aR.A obucho(ed) 0aIssues in resource management and development in kenya:essays in memory of professor simeon H Ominde aNairobibEAEPc2000